| 000 | 01904cam a2200349 a 4500 | ||
|---|---|---|---|
| 001 | 3542380 | ||
| 005 | 19980102145116.3 | ||
| 008 | 970416s1998 maua b 001 0 eng | ||
| 010 | _a | ||
| 020 | _a978007126324 (acidfree paper) | ||
| 020 | _a9780071263245 (Wall Street Journal ed.) | ||
| 040 |
_aDLC _cDLC _dDLC |
||
| 050 | 0 | 0 |
_aHG4521 _b.B563 1998 |
| 082 | 0 | 0 |
_a332.6 _221 _bBOD |
| 100 | 1 |
_aBodie, Zvi. _99024 |
|
| 245 | 1 | 0 |
_aEssentials of investments / _cZvi Bodie, Alex Kane, Alan J. Marcus. |
| 250 | _a7th ed | ||
| 260 |
_aBoston, Mass. : _bIrwin/McGraw Hill, _cc2008 |
||
| 300 |
_axxiv, 706 p. : _bill. (some col.) ; _c27 cm. |
||
| 440 | 0 |
_aIrwin/McGraw-Hill series in finance, insurance, and real estate _99025 |
|
| 504 | _aIncludes bibliographical references (p. 590-593) and indexes. | ||
| 650 | 0 |
_aInvestments. _99026 |
|
| 700 | 1 |
_aKane, Alex. _99027 |
|
| 700 | 1 |
_aMarcus, Alan J. _99028 |
|
| 906 |
_a7 _bcbc _corignew _d1 _eocip _f19 _gy-gencatlg |
||
| 942 |
_2ddc _cARCH |
||
| 999 |
_c12825 _d12825 |
||